000 00323nam a22001337a 4500
020 _a9789351115816
082 _a820.9
100 _aBalwan , Kaure
245 _aRevolution Of English Literature
260 _aNew Delhi :
_bRandom Publications,
_c2015.
300 _a260 p. ;
_b24 cm.
500 _aHardcover.
942 _cBK
999 _c33632
_d33632